Microservice architecture: (Registro nro. 13812)

Detalles MARC
000 -Cabecera
Campo de control interno 00475nam a2200181Ia 4500
005 - Fecha y hora del registro
control field 20260306164828.0
008 - Elementos de Longitud Fija
fixed length control field 260306t2016||||xx |||||||||||||| ||spa||
041 ## - Idioma
Codigo Idioma ESP
082 ## - DEWEY y NOTACIÓN INTERNA
Dewey 005.3
Notación Interna N14
100 ## - AUTOR
Autor denominación Nadareishvili, Irakli
Término de relación autor
245 #0 - TÍTULO DE MATERIAL BIBLIOGRÁFICO
Título Microservice architecture:
Título paralelo aligning principles, practices, and culture
260 ## - CIUDAD, EDITORIAL, AÑO
Año 2016
300 ## - DESCRIPCIÓN
N° Páginas xiv, 128 páginas :
Dimensiones 23 cm.
650 ## - TEMAS
Temas Generalidades
654 ## - PROGRAMAS
Programa
942 ## - ELEMENTOS DE KOHA
Tipo de documento Libro
Nombre del creador Justo Noguera
Código de catalogador Justo Noguera
Esquema de clasificación Dewey Decimal Classification
Suppress in OPAC
Existencias
Codigo completo Registro Colección Copia número Disponibilidad Tipo de préstamo Biblioteca Actual Procedencia (Biblioteca) Ubicacón Fecha Ingreso Tipo de Adquisición Date last seen Total checkouts Price effective from Tipo de Item Estado del Material Fuente de Clasificación Damaged status Withdrawn status
005.3 N14 1058676 Universidad Católica San Pablo 1 Disponible Disponible Víctor Andrés Belaunde Víctor Andrés Belaunde Segundo piso 03/06/2026 Compra 06/03/2026   06/03/2026 Libro Bueno Dewey Decimal Classification